Vampire Weekend Discography - Statistics

General Stats
  • This quiz has been taken 139 times
  • The average score is 33 of 51
Answer Stats
Hint Answer % Correct
Vampire Weekend A-Punk
88%
Vampire Weekend Oxford Comma
85%
Father of the Bride Harmony Hall
81%
Vampire Weekend Campus
80%
Vampire Weekend Cape Cod Kwassa Kwassa
80%
Modern Vampires of the City Diane Young
79%
Modern Vampires of the City Hannah Hunt
79%
Modern Vampires of the City Step
79%
Contra Cousins
78%
Vampire Weekend Mansard Roof
77%
Contra Giving Up The Gun
75%
Contra Horchata
75%
Contra I Think Ur A Contra
75%
Father of the Bride Sunflower
74%
Father of the Bride This Life
74%
Contra Holiday
73%
Modern Vampires of the City Obvious Bicycle
73%
Modern Vampires of the City Ya Hey
70%
Vampire Weekend M79
69%
Modern Vampires of the City Unbelievers
68%
Modern Vampires of the City Young Lion
68%
Modern Vampires of the City Hudson
65%
Vampire Weekend The Kids Don't Stand A Chance
65%
Vampire Weekend Walcott
65%
Father of the Bride Bambina
64%
Contra Diplomat's Son
64%
Contra White Sky
64%
Modern Vampires of the City Finger Back
63%
Father of the Bride Jerusalem, New York, Berlin
63%
Father of the Bride Flower Moon
62%
Father of the Bride Married in a Gold Rush
62%
Modern Vampires of the City Worship You
62%
Father of the Bride Big Blue
59%
Father of the Bride Hold You Now
59%
Contra Run
59%
Vampire Weekend Bryn
57%
Contra California English
57%
Father of the Bride Unbearably White
57%
Father of the Bride 2021
54%
Vampire Weekend One (Blake's Got A New Face)
54%
Modern Vampires of the City Don't Lie
52%
Contra Taxi Cab
52%
Vampire Weekend I Stand Corrected
51%
Father of the Bride Sympathy
48%
Father of the Bride We Belong Together
44%
Father of the Bride How Long?
43%
Father of the Bride My Mistake
42%
Father of the Bride Rich Man
42%
Father of the Bride Spring Snow
42%
Modern Vampires of the City Everlasting Arms
41%
Father of the Bride Stranger
38%
No matching quizzes found
Score Distribution
Percent of People with Each Score
Percentile by Number Answered
Your Score History
You have not taken this quiz